Statystyki dla Plan Totalnej Porażki Eliminacja

Kliknij tutaj aby rozwiązać quiz!

Ogólne statystyki

  • Ten quiz został rozwiązany 61 razy
  • Średni wynik to 8 z 16

Statystyki odpowiedzi

HintOdpowiedź% Poprawnych
17/16Bridgette i Geoff
88%
1Duncan
79%
2Beth
74%
3Owen
59%
4Courtney
56%
14Trent
56%
13Gwen
53%
5Harold
50%
7Justin
44%
6Lindsay
44%
9Heather
41%
11Izzy
41%
8Leshawna
41%
12DJ
35%
10Owen
26%
15E-Scope
18%

Rozkład punktacji

Percentyl według liczby udzielonych odpowiedzi

Procent ludzi z każdym wynikiem

Twoja historia wyników

Nie rozwiązałeś tego quizu